| 000 | 00819cam a2200193Ia 4500 | ||
|---|---|---|---|
| 999 |
_c5915 _d5915 |
||
| 020 | _a1861086636 : | ||
| 020 | _a9781861086631 | ||
| 050 | 4 |
_aTR179 _b.B57 |
|
| 100 | 1 | _aBishop, Sue. | |
| 245 | 1 | 0 |
_aColor, light & composition ; _ba photographer's guide / _cSue Bishop. |
| 260 |
_aEast Sussex, U.K. : _bPhotographers' Institute Press, _c2010. |
||
| 300 |
_a159 p. : _bcol. ill. ; _c24 cm. |
||
| 500 | _aIncludes index. | ||
| 505 | _aTo be, or not to be? -- Prepare to assert yourself -- Positive thinking -- Right and wrongs -- Now and then -- Now see hear -- Body talk -- Relationships -- Words and phrases -- Power -- Yes and no -- Problem people -- Tricky situations. | ||
| 650 | 0 | _aComposition (Photography) | |
| 650 | 0 |
_aPhotography _xDigital techniques. |
|
| 650 | 0 | _aColor photography. | |
| 942 | _cBK | ||